Word Ladder: Jabberwocky Quiz Stats

 Plays Quiz Updated Mar 28, 2014

     
Support Sporcle.
Go Orange.
Score 0/24 Timer 03:00
2 Plays Today
Clue Answer % Correct
Perfect gymnastics scoresTENS
92.9%
Lies out in the sunTANS
90.1%
English breakfast and Earl GreyTEAS
89%
Dog's treatBONE
88.6%
U2 frontmanBONO
86.6%
Window glassPANE
86.5%
1995 talking pigBABE
85.8%
One's undoingBANE
82.1%
Get smaller, like the moonWANE
79.5%
Cut, as fruitPARE
74.8%
Funeral firePYRE
73.5%
'...and gimble in the ____...'•WABE•
70.3%
Clue Answer % Correct
Greek pita sandwichGYRO
69.7%
Bullfighter's opponentTORO
67.5%
ShreddedTORE
67%
X-Men enemy who can really bring the heatPYRO
66.4%
Heavy bookTOME
63.6%
'...All mimsy were the ____goves...'•BORO•
63.3%
Rubber on a wheel, in UKTYRE
53.7%
Terms for sailorsTARS
49.1%
Scale weightTARE
46.2%
'...and the slithy toves did ____....'•GYRE•
46.2%
'____ brillig...'•'TWAS•
36%
'...and the ____ raths outgrabe.'•MOME•
20.5%

Today's Daily Dose

From the Vault

The 2000s Movie Blanket

by manonthemoon

Movies 8m
We guarantee this quiz is bedbug free.
Remove Ads.
Support Sporcle.
Get the best of Sporcle when you Go Orange. This ad-free experience offers more features, more stats, and more fun while also helping to support Sporcle. Thank you for becoming a member.

Show Comments

Extras

Top Quizzes Today


Score Distribution

Your Account Isn't Verified!

In order to create a playlist on Sporcle, you need to verify the email address you used during registration. Go to your Sporcle Settings to finish the process.

Report this User

Report this user for behavior that violates our Community Guidelines.

Details: